Σύγχρονη βιβλιοθήκη & υπηρεσίες πληροφόρησης : διμηνιαία βιβλιοθηκονομική έκδοση
Αποθηκεύτηκε σε:
| Μορφή: | Περιοδική έκδοση |
|---|---|
| Γλώσσα: | Greek |
| Δημοσίευση: |
Αθήνα :
Βλαχάκος Βασίλης,
2000-
|
| Θέματα: | |
| Ετικέτες: |
Προσθήκη ετικέτας
Δεν υπάρχουν, Καταχωρήστε ετικέτα πρώτοι!
|
MARC
| LEADER | 00000cas a2200000 i 4500 | ||
|---|---|---|---|
| 001 | 1/18471 | ||
| 008 | 010314d20009999gr |||||||||||| ||gre|| | ||
| 022 | |a 1108-6513 | ||
| 035 | |l 10066504 | ||
| 040 | |a GR-My-Ua |b gre |e AACR2 | ||
| 041 | 0 | |a gre | |
| 082 | 0 | |a 020.5 |2 (23) | |
| 222 | 0 | |a Σύγχρονη Βιβλιοθήκη & υπηρεσίες πληροφόρησης | |
| 245 | 1 | 0 | |a Σύγχρονη βιβλιοθήκη & υπηρεσίες πληροφόρησης : |h [περιοδικό] |b διμηνιαία βιβλιοθηκονομική έκδοση / |
| 246 | 3 | 3 | |a Σύγχρονη βιβλιοθήκη και υπηρεσίες πληροφόρησης |
| 260 | |a Αθήνα : |b Βλαχάκος Βασίλης, |c 2000- | ||
| 300 | |a τ. : |b εικ. ; |c 28 εκ. | ||
| 310 | |a Διμηνιαίο, |b 2000- | ||
| 500 | |3 Η βιβλιοθήκη του παραρτήματος Ρόδου έχει στο αρχείο της τα εξής τεύχη του περιοδικού: Τεύχη 1-5 (2000), τεύχη 6-10 (2001), λείπει το τεύχος 10 (2001), τεύχη 12 -18 (2002), τεύχη 19-21 (2003), τεύχος 24 (2005). Το περιοδικό είναι ελλιπές. | ||
| 650 | 0 | 0 | |a Library science |z Greece |x Periodicals. |
| 650 | 0 | |a Library science |x Periodicals. | |
| 853 | |a INST |b CHIOS |c SER |h 020.05 | ||
| 853 | |a INST |b LESVOS |c SER |h 020.05 | ||
| 853 | |a INST |b RHODES |c SER |h 020.05 | ||
| 853 | |a INST |b SAMOS |c SER | ||
| 853 | |a INST |b SYROS |c SER | ||
| 901 | |a BIBL2-2004-2 | ||
| 922 | |a 5ΕΛΗ |b 200003 |c ΚΕΝΤΡΙΚΗ ΒΙΒΛΙΟΘΗΚΗ |d ΒΛΑΧΑΚΟΣ | ||
| 922 | |a 3ΕΛΗ |b 200106 |c ΚΕΝΤΡΙΚΗ ΒΙΒΛΙΟΘΗΚΗ |d ΒΛΑΧΑΚΟΣ | ||
| 922 | |a 4ΕΛΗ |b 2000/01 |c ΒΙΒΛΙΟΘΗΚΗ ΡΟΔΟΥ | ||
| 922 | |a 2ΕΛΗ |b 200001 |c ΚΕΝΤΡΙΚΗ ΒΙΒΛΙΟΘΗΚΗ |d ΧΑΡΤΣΙΑΣ | ||
| 970 | |z 2004/03/02 | ||